| 000 | 00375nam a2200145Ia 4500 | ||
|---|---|---|---|
| 008 | 221030s9999 xx 000 0 und d | ||
| 041 | _aEnglish | ||
| 082 | _a105.23 | ||
| 100 | _a- | ||
| 245 | 0 |
_aClearCase User`s Manual Release 3.0 & Later ( DEPARTMENTAL ) _cby - |
|
| 260 |
_bAtria Software _aCalifornia _c1996 |
||
| 300 | _a426 | ||
| 650 | _aCSE Departmental | ||
| 942 | _cBK | ||
| 999 |
_c5609 _d5609 |
||